1572 1716 1715 1856 1954 1615 1964 1234 1104 1307 1244 1239 1811 1437 1347 1713 1284 1432 1820 1378 1573 1283 1714 1149 1295 1464 1087 1628 1359 1348 1283 1625 1490 1566 1344 1082 1938 1453 1884 1469 1059 1719 1636 1044 1411 1701 1453 1262 1382 1253 1773 1643 1703 1361 1699 1766 1763 1905 1831 1394 1341 1937 1421 1739 1027 1529 1328 1510 1267 1618 1701 1724 1869 1863 1577 1942 1352 1713 1077 1577 1444 1905 1278 1804 1285 1512 1805 1450 1864 1372 1570 1359 1192 1696 1524 1374 1379 1741 1693 BCNSPRNW ULIB Ver.6.0+V

เปลี่ยนเป็นภาษาไทย

Change to English
 แสดงรายละเอียดบรรณานุกรม
  กลับหน้าหลัก

Brief Record : Get Marc (ISO 2709) : E-mail record : QR code < ปิดหน้าต่าง
LEADER : 00000nam 2200000uu 4500
001    13399125135
003     ULIB
008    161006s2550||||th 000 0 tha d
050  4 ^aBQ4195^bห313ธ
100 0  ^aหลวงพ่อพิชัย สุธมฺมสุชาโต
245 10 ^aธรรมที่พ่อสอนลูก /^cหลวงพ่อพิชัย สุธมฺมสุชาโต
250    ^aพิมพ์ครั้งที่ 1
260    ^aกรุงเทพฯ :^bธรรมสภา,^c[2550]
650  7 ^aธรรมเทศนา
650  7 ^aธรรมะกับชีวิตประจำวัน
945    ^p0^l0^i001377
945    ^p0^l0^i001378
945    ^p0^l0^i001379
945    ^p0^l0^i001380
945    ^p0^l0^i001381
945    ^p0^l0^i001382
945    ^p0^l0^i001383
999    ^aณรีรัตน์ วารุกา
รายการนี้ยังไม่มีแท็ก
คุณยังไม่ได้ล็อกอิน คุณสามารถมีกิจกรรมร่วมกับเว็บไซต์ได้ แต่ต้องล็อกอินก่อน ::
  ล็อกอิน

รายการสื่อสารสนเทศ

ลำดับที่ ประเภท เลขเรียก/บาร์โค้ด สถานที่ สถานะ
1. วิทยาศาสตร์การแพทย์ และสุขภาพ
วิทยาศาสตร์การแพทย์ และสุขภาพ
BQ4195 ห313ธ ฉ.1 
  Barcode: 001377
ห้องสมุดวิทยาเขตสวรรค์ประชารักษ์
►หนังสือทั่วไป
บนชั้น
2. วิทยาศาสตร์การแพทย์ และสุขภาพ
วิทยาศาสตร์การแพทย์ และสุขภาพ
BQ4195 ห313ธ ฉ.2 
  Barcode: 001378
ห้องสมุดวิทยาเขตสวรรค์ประชารักษ์
►หนังสือทั่วไป
บนชั้น
3. วิทยาศาสตร์การแพทย์ และสุขภาพ
วิทยาศาสตร์การแพทย์ และสุขภาพ
BQ4195 ห313ธ ฉ.3 
  Barcode: 001379
ห้องสมุดวิทยาเขตสวรรค์ประชารักษ์
►หนังสือทั่วไป
บนชั้น
4. วิทยาศาสตร์การแพทย์ และสุขภาพ
วิทยาศาสตร์การแพทย์ และสุขภาพ
BQ4195 ห313ธ ฉ.4 
  Barcode: 001380
ห้องสมุดวิทยาเขตสวรรค์ประชารักษ์
►หนังสือทั่วไป
บนชั้น
5. วิทยาศาสตร์การแพทย์ และสุขภาพ
วิทยาศาสตร์การแพทย์ และสุขภาพ
BQ4195 ห313ธ ฉ.5 
  Barcode: 001381
ห้องสมุดวิทยาเขตสวรรค์ประชารักษ์
►หนังสือทั่วไป
บนชั้น
6. วิทยาศาสตร์การแพทย์ และสุขภาพ
วิทยาศาสตร์การแพทย์ และสุขภาพ
BQ4195 ห313ธ ฉ.6 
  Barcode: 001382
ห้องสมุดวิทยาเขตสวรรค์ประชารักษ์
►หนังสือทั่วไป
บนชั้น
7. วิทยาศาสตร์การแพทย์ และสุขภาพ
วิทยาศาสตร์การแพทย์ และสุขภาพ
BQ4195 ห313ธ ฉ.7 
  Barcode: 001383
ห้องสมุดวิทยาเขตสวรรค์ประชารักษ์
►หนังสือทั่วไป
บนชั้น

รายการใกล้เคียง
    หัวเรื่อง [ธรรมเทศนา]
    หัวเรื่อง [ธรรมะกับชีวิตประจำวัน]

BibComment


ยังไม่เคยถูกคอมเมนท์

คอมเมนท์ทรัพยากรรายการนี้
  คอมเมนท์: ธรรมที่พ่อสอนลูก..


 Copyright 2026. Bcnsprnw @Library